Statistics for Title In The Lyrics - 2020

Click here to take the quiz!

General Stats

  • This quiz has been taken 55 times
  • The average score is 4 of 15

Answer Stats

LyricsAnswers% Correct
Am I falling in love / With the one that could _____ __ _____ / Oh no, I was doin' better alone.Break My Heart : Dua Lipa
66%
Oh honey (aaaahh aahh ah ah) / I'd walk through fire for you / Just let me _____ ___ / Like it's the only thing I'll ever do.Adore You : Harry Styles
51%
So, ______ ___ __ / Was there something I could've said to make your heart beat better? / If only I had known you had a storm to weather.Before You Go : Lewis Capaldi
46%
Its coming down on me / I'm ready, ____ __ __ / I'd rather be dry, but at least I'm alive.Rain On Me : Ariana Grande, Lady Gaga
41%
And theres nothin' I, nothin' I, I can do / I'm _____ ____ ___, ____ ____ ___, ____ ____ ___ / So go ahead, and drive me insane / Baby run your mouth, I still wouldn't change.Stuck With U : Ariana Grande, Justin Bieber
39%
'Cause _ ____ ____ when I'm with my baby, yeah / All the bad things disappear / And you're making me feel like maybe I am somebody.I Don't Care : Justin Bieber, Ed Sheeran
34%
I'm so sick of them coming at me again / Cause if I was a ___ / Then I'd be ___ ___ / I'd be ___ ___.The Man : Taylor Swift
32%
Hold on, tell me if your ready / Come on / Baby keep on dancing / Lets get ________.Physical : Dua Lipa
24%
I'm not trying to be your part-time lover / Sign me up for that full-time / I'm yours, I'm yours / So ____ _ ___ ____ __.What A Man Gotta Do : Jonas Brothers
20%
I see theres something burning inside you / Oh, inside you / __ ____ ____ / I know it hurts to smile but you try to / Oh, you try to.In Your Eyes : The Weekend
15%
Wonderin' would you be, my little quarantine / Or is this the way it ends? / 'Cause I told you my _____ __ ______ / But you walked by like you never heard.Level Of Concern : Twenty One Pilots
15%
____ ____'s gonna break my heart / ____ ____'s gonna love me then leave me alone / ____ ____'s got me chasing stars / It's been a couple months since I felt like I'm home.This City : Sam Fischer
15%
They tell me that I'm crazy / But I'll never let 'em change me / 'Til they cover me in _______, _______, _______.Daisies : Katy Perry
12%
Solo shadow on a sidewalk / Just want somebody __ ___ ___ / Sunshine living on a perfect day while my worlds crashing down / Just want somebody __ ___ ___.To Die For : Sam Smith
10%
We're the type of melody that don't fade out / Don't fade out, can't fade out / _____ _, _____ _, _____ _ love you?Didn't I : OneRepublic
5%

Score Distribution

Percentile by Number Answered

Percent of People with Each Score

Your Score History

You have not taken this quiz